Personnel management / (Record no. 129296)

MARC details
000 -LEADER
fixed length control field 00773nam a22002537a 4500
005 - DATE AND TIME OF LATEST TRANSACTION
control field 20170124110054.0
010 ## - LIBRARY OF CONGRESS CONTROL NUMBER
LC control number A-816857
020 ## - INTERNATIONAL STANDARD BOOK NUMBER
Terms of availability 00.00
International Standard Book Number 0074622641
035 ## - SYSTEM CONTROL NUMBER
System control number A-816857
037 ## - SOURCE OF ACQUISITION
Source of stock number/acquisition Cen Lib/Ret
040 ## - CATALOGING SOURCE
Original cataloging agency DPL
Language of cataloging EN
082 ## - DEWEY DECIMAL CLASSIFICATION NUMBER
Classification number 658.3
Item number MON
100 ## - MAIN ENTRY--PERSONAL NAME
Personal name Monappa, Arun
9 (RLIN) 25958
245 ## - TITLE STATEMENT
Title Personnel management /
Statement of responsibility, etc by Arun Monappa [and] Mirja Saiyadain
250 ## - EDITION STATEMENT
Edition statement 2nd ed
260 ## - PUBLICATION, DISTRIBUTION, ETC. (IMPRINT)
Place of publication, distribution, etc New Delhi
Name of publisher, distributor, etc Tata McGraw-Hill Publishing
Date of publication, distribution, etc 1997
270 ## - ADDRESS
Address 412, Asaf Ali Road
City New Delhi
Postal code 110002
300 ## - PHYSICAL DESCRIPTION
Extent 416p.
Dimensions 21cm(Hb)
500 ## - GENERAL NOTE
General note Includes bibliographical reference and index
650 ## - SUBJECT ADDED ENTRY--TOPICAL TERM
Topical term or geographic name as entry element Management
9 (RLIN) 3072
650 ## - SUBJECT ADDED ENTRY--TOPICAL TERM
Topical term or geographic name as entry element Personnel management
9 (RLIN) 13632
700 ## - ADDED ENTRY--PERSONAL NAME
Personal name Saiyadain, Mirja
9 (RLIN) 107385
942 ## - ADDED ENTRY ELEMENTS (KOHA)
Source of classification or shelving scheme Dewey Decimal Classification
Koha item type English Books
Classification part 658.3
Call number suffix MON
Holdings
Withdrawn status Lost status Damaged status Not for loan Home library Current library Date acquired Source of acquisition Cost, normal purchase price Total Checkouts Full call number Barcode Date last seen Copy number Cost, replacement price Price effective from Koha item type
        Central Library Central Library 06/07/2015 Cen Lib/Ret 0.00   658.3 MON A-816857 06/07/2015 1 0.00 06/07/2015 English Books

© Delhi Public Library
Hit Counter
free hit counter